The enduring vision : (Record no. 200468136)

MARC details
000 -LEADER
fixed length control field 01851cam a2200493 i 4500
001 - CONTROL NUMBER
control field 200468136
003 - CONTROL NUMBER IDENTIFIER
control field TR-AnTOB
005 - DATE AND TIME OF LATEST TRANSACTION
control field 20260416101256.0
007 - PHYSICAL DESCRIPTION FIXED FIELD--GENERAL INFORMATION
fixed length control field ta
008 - FIXED-LENGTH DATA ELEMENTS--GENERAL INFORMATION
fixed length control field 260416t19931993mauab 001 0 eng d
010 ## - LIBRARY OF CONGRESS CONTROL NUMBER
LC control number 92070800
020 ## - INTERNATIONAL STANDARD BOOK NUMBER
International Standard Book Number 0669297941
Qualifying information (volume 1 :
-- paperback)
International Standard Book Number 9780669297942
Qualifying information (volume 1 :
-- paperback)
International Standard Book Number 066929795X
Qualifying information (volume 2 :
-- paperback)
International Standard Book Number 9780669297959
Qualifying information (volume 2 :
-- paperback)
International Standard Book Number 0669297976
Qualifying information (student guide v. 1)
International Standard Book Number 9780669297973
Qualifying information (student guide v. 1)
035 ## - SYSTEM CONTROL NUMBER
System control number (CLU)6341954-ucladb-Voyager
System control number (OCoLC)33454196
System control number (OCoLC)ocm33454196
System control number (EXLNZ-01UCS_NETWORK)9913160152406531
System control number (TR-AnTOB)200468136
040 ## - CATALOGING SOURCE
Original cataloging agency OKN
Language of cataloging eng
Description conventions rda
Transcribing agency OKN
Modifying agency OCLCQ
-- BAKER
-- YDXCP
-- B9K
-- BDX
-- OCLCQ
-- OCLCO
-- OCLCQ
-- OCLCF
-- MUO
-- OCL
-- OCLCO
-- OCLCQ
-- OCLCO
-- OCLCL
-- OCLCQ
-- OCLCL
-- TR-AnTOB
041 0# - LANGUAGE CODE
Language code of text/sound track or separate title İngilizce
043 ## - GEOGRAPHIC AREA CODE
Geographic area code n-us---
050 #4 - LIBRARY OF CONGRESS CALL NUMBER
Classification number E178.1
Item number .B6947 1993
090 ## - LOCALLY ASSIGNED LC-TYPE CALL NUMBER (OCLC); LOCAL CALL NUMBER (RLIN)
Classification number (OCLC) (R) ; Classification number, CALL (RLIN) (NR) E178.1
Local cutter number (OCLC) ; Book number/undivided call number, CALL (RLIN) .B6947 1993
100 1# - MAIN ENTRY--PERSONAL NAME
Personal name Boyer, Paul S.
Relator term author
Relator code aut
9 (RLIN) 153703
245 14 - TITLE STATEMENT
Title The enduring vision :
Remainder of title a history of the American people /
Statement of responsibility, etc. Paul S. Boyer [and five others].
250 ## - EDITION STATEMENT
Edition statement Second edition.
264 #1 - PRODUCTION, PUBLICATION, DISTRIBUTION, MANUFACTURE, AND COPYRIGHT NOTICE
Place of production, publication, distribution, manufacture Lexington, Mass. :
Name of producer, publisher, distributor, manufacturer D. C. Heath and Company,
Date of production, publication, distribution, manufacture, or copyright notice 1993.
Date of production, publication, distribution, manufacture, or copyright notice ©1993
300 ## - PHYSICAL DESCRIPTION
Extent 2 volumes :
Other physical details color illustrations, color maps ;
Dimensions 26 cm
336 ## - CONTENT TYPE
Content type term text
Content type code txt
Source rdacontent
337 ## - MEDIA TYPE
Media type term unmediated
Media type code n
Source rdamedia
338 ## - CARRIER TYPE
Carrier type term volume
Carrier type code nc
Source rdacarrier
500 ## - GENERAL NOTE
General note Includes index.
General note Student guide called: student guide with map exercises to accompany The enduring vision.
505 0# - FORMATTED CONTENTS NOTE
Formatted contents note v. 1 To 1877 -- v. 2 from 1865.
651 #0 - SUBJECT ADDED ENTRY--GEOGRAPHIC NAME
Geographic name United States
General subdivision History
Authority record control number or standard number http://id.loc.gov/authorities/subjects/sh 85140130
9 (RLIN) 6238
942 ## - ADDED ENTRY ELEMENTS (KOHA)
Source of classification or shelving scheme Library of Congress Classification
Koha item type Book
Holdings
Withdrawn status Lost status Source of classification or shelving scheme Damaged status Not for loan Collection code Home library Current library Shelving location Date acquired Source of acquisition Serial Enumeration / chronology Inventory number Total Checkouts Full call number Barcode Date last seen Copy number Date shelved Koha item type Public note
    Library of Congress Classification Kullanılmış / Used Ödünç Verilemez-Kurumiçi kullanım / Not for loan-For inhouse use Genel Koleksiyon Tıp Fakültesi Medikal Kütüphane Tıp Fakültesi Medikal Kütüphane Genel Koleksiyon / Main Collection 18/03/2026 Bağış / Donation 2 TAR   E178.1 .B6947 1993 v.2 TıpFaK TF03122 16/04/2026 1 16/04/2026 Book Donated by Prof. Dr. Şükrü Cin
    Library of Congress Classification Kullanılmış / Used Ödünç Verilemez-Kurumiçi kullanım / Not for loan-For inhouse use Genel Koleksiyon Tıp Fakültesi Medikal Kütüphane Tıp Fakültesi Medikal Kütüphane Genel Koleksiyon / Main Collection 18/03/2026 Bağış / Donation 1 TAR   E178.1 .B6947 1993 v.1 TıpFaK TF03126 16/04/2026 1 16/04/2026 Book Donated by Prof. Dr. Şükrü Cin
Devinim Yazılım Eğitim Danışmanlık tarafından Koha'nın orjinal sürümü uyarlanarak geliştirilip kurulmuştur.